[Event "38th Olympiad"]
[Site "Dresden GER"]
[Date "2008.11.19"]
[Round "6"]
[White "Bakr,J"]
[Black "Rowe,P"]
[Result "1-0"]
[WhiteElo "2338"]
[BlackElo "2053"]
[EventDate "2008.11.13"]

1. d4 d5 2. Nf3 Nf6 3. e3 e6 4. c4 c6 5. Nbd2 Be7 6. Bd3 Nbd7 7. O-O O-O 8.
e4 dxe4 9. Nxe4 Nxe4 10. Bxe4 Nf6 11. Bc2 c5 12. b3 b6 13. Bb2 Bb7 14. Re1
Re8 15. Qd3 g6 16. Rad1 Qc7 17. Ne5 Rad8 18. Qh3 Bf8 19. dxc5 Rxd1 20. Rxd1
Rd8 21. Rxd8 Qxd8 22. Qc3 Ne4 23. Qe1 Bxc5 24. Ng4 h5 25. Bxe4 Bxe4 26.
Nf6+ 1-0

[Event "38th Olympiad"]
[Site "Dresden GER"]
[Date "2008.11.19"]
[Round "6"]
[White "Brookfield,T"]
[Black "Hakki,I"]
[Result "0-1"]
[WhiteElo "1763"]
[BlackElo "2422"]
[EventDate "2008.11.13"]

1. e4 c5 2. Nf3 d6 3. d4 cxd4 4. Nxd4 Nf6 5. Nc3 g6 6. Be3 Bg7 7. f3 O-O 8.
Bc4 Nc6 9. Qe2 Bd7 10. O-O-O Rc8 11. Kb1 Ne5 12. Bb3 Rxc3 13. bxc3 Qa5 14.
Bd2 Qc5 15. Rhe1 b5 16. h3 Nc4 17. Bxc4 bxc4 18. e5 dxe5 19. Qxe5 Nd5 20.
Qg3 Qa3 21. Ne2 Nb4 0-1

[Event "38th Olympiad"]
[Site "Dresden GER"]
[Date "2008.11.19"]
[Round "6"]
[White "Gebregziabher,B"]
[Black "Quinones,Ces"]
[Result "0-1"]
[WhiteElo "2073"]
[BlackElo "2312"]
[EventDate "2008.11.13"]

1. d4 Nf6 2. c4 g6 3. Nc3 Bg7 4. e4 O-O 5. Nf3 d6 6. h3 Nc6 7. Be2 e5 8. d5
Ne7 9. Be3 Nd7 10. g4 f5 11. gxf5 gxf5 12. Bg5 Qe8 13. Rg1 Kh8 14. Nh4 Nf6
15. Qd2 f4 16. O-O-O h6 17. Bxf6 Bxf6 18. Nf3 a6 19. Rg2 Bd7 20. Rdg1 Rg8
21. Rxg8+ Nxg8 22. Qd3 Qc8 23. h4 b5 24. cxb5 axb5 25. a3 Rb8 26. Na2 Qa6
27. Nb4 Qb6 28. Rg2 Ne7 29. Bd1 Rg8 30. Qf1 Rc8 31. Qd3 Rg8 32. Rxg8+ Nxg8
33. Qd2 Ne7 34. Kb1 Be8 35. h5 Bxh5 36. Nxe5 Bxd1 37. Nd7 Qd4 38. Qc1 Bg7
39. Na6 Qxe4+ 40. Ka1 Qa4 41. Kb1 Qe4+ 42. Ka1 Qd3 43. Ka2 Bb3+ 44. Ka1 Bc2
45. Nb4 Qxa3+ 46. Na2 Bb3 47. Qb1 Bxa2 48. Qxa2 Bxb2+ 49. Kb1 Qxa2+ 50.
Kxa2 Bd4 51. f3 h5 0-1

[Event "38th Olympiad"]
[Site "Dresden GER"]
[Date "2008.11.19"]
[Round "6"]
[White "Dominguez,JM"]
[Black "Baules,J"]
[Result "1-0"]
[WhiteElo "2345"]
[BlackElo "2317"]
[EventDate "2008.11.13"]

1. Nf3 Nf6 2. b4 d5 3. Bb2 Bf5 4. e3 Nbd7 5. c4 dxc4 6. Bxc4 Nb6 7. Be2 e6
8. a3 Bd6 9. d3 Bg6 10. Ne5 a5 11. b5 a4 12. Nxg6 hxg6 13. Bf3 Ra7 14. Bd4
Qe7 15. Qc2 O-O 16. O-O e5 17. Bb2 Rd8 18. Nc3 Qe6 19. Rfc1 Qf5 20. Rd1 g5
21. Ne4 Nxe4 22. Bxe4 Qd7 23. d4 exd4 24. Bxd4 Qxb5 25. Rab1 Qe8 26. Bh7+
Kf8 27. Qf5 Qe7 28. Qh3 Qe6 29. Bf5 Qh6 30. Qxh6 gxh6 31. Bf6 Raa8 32. Bxd8
Rxd8 33. Be4 Nc4 34. Rd4 Nb6 35. Bxb7 Ke7 36. Bc6 Bxa3 37. Rxd8 Kxd8 38.
Bxa4 Nxa4 39. Ra1 Bd6 40. Rxa4 Ke7 41. Re4+ Kf6 42. Kf1 Kf5 43. Re8 Kg6 44.
Ke2 h5 45. Rg8+ Kf6 46. h3 Kf5 47. f3 Kf6 48. Kd3 Kf5 49. Kd4 Bg3 50. Kd5
Bf2 51. g4+ hxg4 52. hxg4+ Kf6 53. e4 Bg3 54. Re8 Kg7 55. e5 1-0

[Event "38th Olympiad"]
[Site "Dresden GER"]
[Date "2008.11.19"]
[Round "6"]
[White "Arosemena,J"]
[Black "Hernandez,Gu DOM"]
[Result "0-1"]
[WhiteElo "2201"]
[BlackElo "2360"]
[EventDate "2008.11.13"]

1. e4 e5 2. Nf3 Nf6 3. Nc3 Nc6 4. d4 exd4 5. Nd5 Be7 6. Bc4 O-O 7. O-O Nxe4
8. Re1 Nf6 9. Nxe7+ Nxe7 10. Bg5 c5 11. Bxf6 gxf6 12. Qd2 d5 13. Bd3 Kg7
14. Rxe7 Qxe7 15. Re1 Qd6 16. Nh4 Bd7 17. Kh1 Rfe8 18. Rg1 Re4 19. Bxe4
dxe4 20. g4 Qe5 21. Rg3 Rg8 22. Rh3 Kf8 23. Rg3 Qg5 24. Qxg5 fxg5 25. Nf5
Bxf5 26. gxf5 Ke7 27. Rg4 Rd8 28. Rxe4+ Kf6 29. Kg2 Rd7 30. Kf3 Kxf5 31.
Re8 h5 32. Rc8 b6 33. Rc6 Re7 34. a4 g4+ 35. Kg3 Re2 36. a5 Rxc2 37. axb6
axb6 38. Rxb6 Ke4 39. b3 Rc3+ 40. Kg2 d3 41. Rb7 d2 42. Re7+ Kd3 0-1

[Event "38th Olympiad"]
[Site "Dresden GER"]
[Date "2008.11.19"]
[Round "6"]
[White "Jaquez,J"]
[Black "Valdes,R"]
[Result "1/2-1/2"]
[WhiteElo "2223"]
[BlackElo "2093"]
[EventDate "2008.11.13"]

1. e4 c5 2. Nf3 d6 3. d4 cxd4 4. Nxd4 Nf6 5. Nc3 a6 6. Bg5 e6 7. f4 Nbd7 8.
Qf3 Qc7 9. O-O-O b5 10. a3 Bb7 11. Bd3 Be7 12. Rhe1 O-O-O 13. Qe2 h6 14.
Bxf6 Nxf6 15. Kb1 Rhe8 16. Na2 d5 17. e5 Nd7 18. a4 bxa4 19. Bxa6 Nc5 20.
Bb5 Rf8 21. g3 a3 22. b4 Ne4 23. Qe3 Qb6 24. Rd3 f6 25. Qc1 fxe5 26. fxe5
Rf2 27. Qxa3 Rxh2 28. Kb2 Kb8 29. Qa5 Qxa5 30. bxa5 Rc8 31. a6 Ba8 32. Bd7
Rc4 33. Bb5 Rc5 34. Rf1 Rc7 35. Ka1 Ng5 36. Rb1 Kc8 37. Nb4 Bxb4 38. Rxb4
Rh1+ 39. Kb2 Re1 40. Bc6 Bxc6 41. Nxc6 Rxc6 42. a7 Ra6 43. Rc3+ Kd8 44.
Rb8+ Kd7 45. a8=Q Rxa8 46. Rxa8 Rxe5 47. Ra7+ Kd6 48. Rxg7 Ne4 49. Ra3 Rg5
50. Ra6+ Ke5 51. Rh7 Rg6 52. Ra5 Nd6 53. Kc1 Rxg3 54. Kd1 Rh3 55. Rc7 Nf5
56. c4 Kd6 57. Rb7 Ne3+ 58. Ke2 Nxc4 59. Ra6+ Ke5 60. Re7 Nd6 61. Kf2 h5
62. Kg2 Rg3+ 63. Kh2 h4 64. Rh7 Rg4 65. Rh6 Re4 66. Kh3 Re3+ 67. Kg2 Re4
68. Kh3 Rf4 69. Rxh4 Rxh4+ 70. Kxh4 Nc4 71. Kg4 d4 72. Kf3 d3 73. Rc6 Kd5
74. Rc8 e5 75. Rd8+ Nd6 76. Ke3 e4 77. Rd7 Ke6 78. Ra7 Kd5 79. Rd7 Kc6 80.
Rh7 Kc5 81. Rc7+ Kd5 82. Rd7 Ke6 83. Ra7 Kd5 84. Rd7 Ke6 85. Ra7 Kf5 86.
Ra5+ Kf6 87. Rd5 Ke6 88. Rxd3 Ke5 1/2-1/2

[Event "38th Olympiad"]
[Site "Dresden GER"]
[Date "2008.11.19"]
[Round "6"]
[White "Mathews,B"]
[Black "Subervi,J"]
[Result "1-0"]
[WhiteElo "2032"]
[BlackElo "2238"]
[EventDate "2008.11.13"]

1. e4 e5 2. Nf3 Nc6 3. Bb5 a6 4. Ba4 Nf6 5. O-O Be7 6. Re1 b5 7. Bb3 d6 8.
c3 O-O 9. h3 Na5 10. Bc2 c5 11. d4 Qc7 12. Nbd2 Bd7 13. d5 c4 14. Nf1 Nb7
15. Ng3 g6 16. Nh2 Rfe8 17. Ng4 Nxg4 18. hxg4 Qd8 19. Nf1 Bg5 20. Ne3 Nc5
21. b3 cxb3 22. axb3 Qc7 23. g3 a5 24. Kg2 b4 25. Rh1 bxc3 26. Qf3 Bb5 27.
Nc4 Bxc1 28. Raxc1 Qe7 29. Nxd6 Qxd6 30. Rxh7 f6 31. Rch1 Rf8 32. R1h6 Rad8
33. Rxg6+ Kxh7 34. Qf5 1-0

[Event "38th Olympiad"]
[Site "Dresden GER"]
[Date "2008.11.19"]
[Round "6"]
[White "Sorensen,To"]
[Black "Kakageldyev,A"]
[Result "0-1"]
[WhiteElo "2383"]
[BlackElo "2449"]
[EventDate "2008.11.13"]

1. Nf3 g6 2. e4 Bg7 3. d4 d6 4. Bc4 c6 5. Bb3 Nf6 6. Qe2 O-O 7. O-O a5 8.
a4 b6 9. Nbd2 d5 10. exd5 cxd5 11. Re1 Nc6 12. c3 Ba6 13. Qe3 e6 14. Bc2
Qc7 15. Nf1 Rfe8 16. h3 Nd7 17. Bd3 Bxd3 18. Qxd3 e5 19. dxe5 Ndxe5 20.
Nxe5 Nxe5 21. Qd1 Qc6 22. Be3 Nc4 23. Qc2 b5 24. Bd4 Rxe1 25. Rxe1 Bxd4 26.
cxd4 bxa4 27. Nd2 Rc8 28. Nxc4 Qxc4 29. Qd2 Qb4 30. Re2 Qxd2 31. Rxd2 Rc1+
32. Kh2 Kf8 33. Kg3 Ke7 34. Kf4 f6 35. Ke3 Ra1 36. Kd3 a3 37. Kc3 Kd6 38.
Rc2 axb2 39. Kxb2 Ra4 40. Rd2 Rc4 41. Ka3 Rb4 42. h4 Kc6 43. h5 gxh5 44.
Rd3 Kd6 45. Rf3 Ke6 46. Rf4 Kf7 47. g3 Kg6 48. Rh4 Kg5 49. Rf4 f5 50. Rh4
h6 51. Rf4 Kf6 52. Rh4 Kg6 53. Rf4 Kg5 54. Rh4 Rc4 55. Kb3 a4+ 56. Ka3 Rc3+
57. Kxa4 Rf3 58. Rh2 f4 59. Kb4 fxg3 60. fxg3 Rxg3 61. Kc5 h4 62. Kxd5 h3
63. Ke4 Kg4 64. Rf2 Rg2 65. Rf4+ Kh5 66. Rf5+ Kh4 67. Kf3 Rg1 0-1

[Event "38th Olympiad"]
[Site "Dresden GER"]
[Date "2008.11.19"]
[Round "6"]
[White "Esenov,An"]
[Black "Borg,A"]
[Result "1-0"]
[WhiteElo "2319"]
[BlackElo "2112"]
[EventDate "2008.11.13"]

1. e4 c6 2. d4 d5 3. Nc3 dxe4 4. Nxe4 Bf5 5. Ng3 Bg6 6. Nf3 Nf6 7. h4 h6 8.
h5 Bh7 9. Bd3 Bxd3 10. Qxd3 e6 11. Bd2 c5 12. O-O-O Nc6 13. Bc3 Qd5 14.
dxc5 Qxd3 15. cxd3 Bxc5 16. Bxf6 gxf6 17. d4 Bd6 18. Ne4 Bf4+ 19. Kb1 f5
20. Nc5 O-O-O 21. g3 Bc7 22. Rd2 Rd5 23. Na4 Rhd8 24. Rhd1 R5d7 25. Nc3 Nb4
26. d5 Nxd5 27. Nxd5 exd5 28. Nd4 Bb6 29. Nxf5 d4 30. Kc2 Kb8 31. Kd3 Rg8
32. f3 Bc7 33. g4 Bf4 34. Rc2 Re8 35. Rc4 Bg5 36. Rf1 Re6 37. Rxd4 Rxd4+
38. Nxd4 Re3+ 39. Kc4 a6 40. a4 Kc7 41. Rf2 Re1 42. f4 Bh4 43. Rf3 Rg1 44.
g5 hxg5 45. fxg5 Bxg5 46. Rxf7+ Kb8 47. Ne6 Bc1 48. Nc5 b5+ 49. axb5 axb5+
50. Kxb5 Rg8 51. b4 Rh8 52. Rf5 Kc7 53. Nd3 Bd2 54. Kc5 Be3+ 55. Kd5 Kb6
56. Ne5 Bc1 57. Ke6 Kb7 58. b5 Rh6+ 59. Kf7 Bb2 60. Nc4 Bc3 61. Rd5 Bb4 62.
Kg7 Re6 63. Rf5 Bc3+ 64. Kf7 Rh6 65. Rd5 Rf6+ 66. Ke7 Rh6 67. Nd6+ Kb8 68.
Kd7 Bb4 69. Nf7 Rh7 70. Ke6 Bc3 71. h6 Bb2 72. Rd1 Bc3 73. Rd7 Bb2 74. Kf5
Kc8 75. Re7 Ba3 76. Nd6+ 1-0

[Event "38th Olympiad"]
[Site "Dresden GER"]
[Date "2008.11.19"]
[Round "6"]
[White "Jones,Ri"]
[Black "Zambrana,O"]
[Result "1-0"]
[WhiteElo "2075"]
[BlackElo "2478"]
[EventDate "2008.11.13"]

1. e4 c5 2. Nf3 d6 3. d4 cxd4 4. Nxd4 Nf6 5. Nc3 a6 6. Bc4 e6 7. Bb3 b5 8.
Bg5 Be7 9. Qf3 Qc7 10. e5 Bb7 11. exd6 Bxd6 12. Qe3 Be5 13. O-O-O O-O 14.
f4 Bxd4 15. Rxd4 Nbd7 16. Rhd1 Rfe8 17. Qg3 Kh8 18. Qh3 Rac8 19. f5 Bd5 20.
Rh4 Qc6 21. Nxd5 exd5 22. Rxd5 a5 23. a4 bxa4 24. Bc4 h6 25. Rxd7 Re1+ 26.
Rd1 Rxd1+ 27. Kxd1 Ne4 28. Rxe4 Qxe4 29. Bd3 Qd4 30. Be3 Qxb2 31. f6 Qa1+
32. Ke2 Re8 33. Qf5 g6 34. Qf4 Kg8 35. Bxg6 Qe5 36. Bh7+ Kh8 37. Qxe5 Rxe5
38. Bd3 Rh5 39. h3 Rh4 40. Bc5 Kg8 41. Ke3 Rh5 42. Kd4 Rg5 43. g4 h5 44.
Bf5 1-0

[Event "38th Olympiad"]
[Site "Dresden GER"]
[Date "2008.11.19"]
[Round "6"]
[White "Cueto,Jo"]
[Black "Rees,I"]
[Result "0-1"]
[WhiteElo "2320"]
[BlackElo "2297"]
[EventDate "2008.11.13"]

1. d4 Nf6 2. Bf4 d5 3. e3 c5 4. Nf3 Nc6 5. Nc3 Bg4 6. Bb5 e6 7. h3 cxd4 8.
exd4 Bh5 9. g4 Bg6 10. Ne5 Qb6 11. a4 Bb4 12. O-O O-O 13. Bxc6 bxc6 14. g5
Nh5 15. Be3 Qc7 16. Qg4 Rae8 17. f4 Bd6 18. h4 f6 19. Nxg6 hxg6 20. Ne2 c5
21. c3 c4 22. Rf2 f5 23. Qf3 Kf7 24. Kg2 Rb8 25. Ng1 Rb3 26. Re1 Qd7 27.
Rfe2 Qxa4 28. Bc1 Re8 29. Kh1 Qd7 30. Qf2 Qc7 31. Qg2 0-1

[Event "38th Olympiad"]
[Site "Dresden GER"]
[Date "2008.11.19"]
[Round "6"]
[White "Kett,T"]
[Black "Gemy,J"]
[Result "1/2-1/2"]
[WhiteElo "2272"]
[BlackElo "2200"]
[EventDate "2008.11.13"]

1. e4 e6 2. d4 d5 3. Nc3 Bb4 4. e5 c5 5. a3 Bxc3+ 6. bxc3 Qc7 7. Nf3 Ne7 8.
g3 Bd7 9. a4 Qa5 10. Bd2 c4 11. Bh3 Bxa4 12. Ng5 h6 13. Qh5 g6 14. Qh4 Nd7
15. O-O b5 16. f4 Qb6 17. Ra2 Kf8 18. g4 Kg8 19. Nxe6 g5 20. Qh5 Qxe6 21.
f5 Qb6 22. e6 Rh7 23. exd7 Qd6 24. Bg2 f6 25. Re1 Qxd7 26. Re6 Rf8 27. Bf3
Kh8 28. Bc1 b4 29. cxb4 c3 30. Be3 Bb5 31. Qh3 Nc6 32. Ra3 Nxb4 33. Rxc3
Rc8 34. Rxc8+ Qxc8 35. Rxf6 Qxc2 36. Bg2 Qd1+ 37. Bf1 Bxf1 38. Qxf1 Qxg4+
39. Qg2 Qxg2+ 40. Kxg2 Kg7 41. Rd6 a5 42. Rd7+ Kg8 43. Rd8+ Kg7 44. Rd7+
1/2-1/2

[Event "38th Olympiad"]
[Site "Dresden GER"]
[Date "2008.11.19"]
[Round "6"]
[White "Luna,Ra"]
[Black "Blackburn,J"]
[Result "1-0"]
[WhiteElo "2133"]
[BlackElo "2175"]
[EventDate "2008.11.13"]

1. d4 e6 2. Nf3 Nf6 3. Bg5 d5 4. e3 Be7 5. c4 Nbd7 6. Bd3 a6 7. a4 h6 8.
Bh4 c5 9. Nc3 cxd4 10. exd4 Qb6 11. Qe2 Qb4 12. O-O dxc4 13. Bxc4 Nb6 14.
Ba2 O-O 15. a5 Qxa5 16. Bxe6 Qb4 17. Ba2 Bg4 18. Rfe1 Bd8 19. Rad1 Na4 20.
h3 Bxf3 21. Qxf3 Qxb2 22. Bxf7+ Rxf7 23. Nxa4 Qb5 24. Nc5 Nd5 25. Qxd5 Bxh4
26. g3 Rd8 27. Qa2 Bf6 28. Rb1 Qc6 29. Rxb7 Rdf8 30. Reb1 Qc8 31. Nxa6 Bxd4
32. Rxf7 Rxf7 33. Rb8 Bxf2+ 34. Qxf2 Qxb8 35. Nxb8 Rxf2 36. Kxf2 1-0

[Event "38th Olympiad"]
[Site "Dresden GER"]
[Date "2008.11.19"]
[Round "6"]
[White "Paciencia,E"]
[Black "Aristotelous,V"]
[Result "1-0"]
[WhiteElo "2440"]
[BlackElo "1920"]
[EventDate "2008.11.13"]

1. d4 Nf6 2. Nf3 g6 3. c4 Bg7 4. Nc3 d6 5. e4 O-O 6. Be2 Nc6 7. O-O Bg4 8.
Be3 Nd7 9. d5 Bxf3 10. Bxf3 Nce5 11. Be2 Nb6 12. Qb3 c6 13. a4 cxd5 14.
Nxd5 Nxd5 15. cxd5 b6 16. Rab1 f5 17. exf5 gxf5 18. Bf4 Ng6 19. Bd2 f4 20.
Bg4 Ne5 21. Be6+ Kh8 22. f3 Qe8 23. Rbe1 Qg6 24. Re4 Qg5 25. Kh1 Qh4 26. g3
Qh5 27. gxf4 Ng6 28. Rg1 Nh4 29. Bg4 Qf7 30. Rge1 Ng6 31. Be6 Qf6 32. Bc3
Qh4 33. f5 Nf4 34. Bxg7+ Kxg7 35. Rg1+ Kh6 36. Qe3 1-0

[Event "38th Olympiad"]
[Site "Dresden GER"]
[Date "2008.11.19"]
[Round "6"]
[White "Chan Wei Xuan,T"]
[Black "Savva,P"]
[Result "1-0"]
[WhiteElo "2264"]
[BlackElo "2093"]
[EventDate "2008.11.13"]

1. e4 c5 2. Nf3 e6 3. c3 d5 4. exd5 Qxd5 5. d4 Nf6 6. Bd3 Be7 7. O-O O-O 8.
c4 Qd8 9. dxc5 Bxc5 10. Nc3 Nc6 11. Bg5 Be7 12. Qe2 Qa5 13. Bh4 Rd8 14.
Rad1 Bd7 15. a3 Qh5 16. b4 Nd4 17. Bxh7+ Nxh7 18. Rxd4 Bc6 19. Bxe7 Bxf3
20. Rxd8+ 1-0

[Event "38th Olympiad"]
[Site "Dresden GER"]
[Date "2008.11.19"]
[Round "6"]
[White "Antoniou,A"]
[Black "Chan Yi Ren,D"]
[Result "0-1"]
[WhiteElo "2177"]
[BlackElo "2260"]
[EventDate "2008.11.13"]

1. e4 e5 2. Nc3 Nf6 3. Nf3 Nc6 4. d4 exd4 5. Nxd4 Bb4 6. Nxc6 bxc6 7. Bd3
d5 8. exd5 O-O 9. O-O cxd5 10. Bg5 c6 11. Qf3 h6 12. Bxf6 Qxf6 13. Qxf6
gxf6 14. Ne2 Bd7 15. c4 Rab8 16. Rfd1 Bd6 17. b3 d4 18. c5 Bxc5 19. Bc4 Bg4
20. Kf1 Rbd8 21. h3 Bf5 22. g4 Bc2 23. Rd2 d3 24. Nf4 Bb4 25. Rxd3 Bxd3+
26. Nxd3 Bc3 27. Rc1 Bd4 28. Nb4 Rd6 29. Rc2 a5 30. Nd3 Rfd8 31. Ke2 Re8+
32. Kf3 Kf8 33. a4 Bb6 34. Ba6 Red8 35. Ke2 Kg7 36. Nc5 Ra8 37. Bd3 Re8+
38. Ne4 Bxf2 39. Kxf2 Rxd3 40. Ng3 Rxb3 41. Rxc6 Rd8 42. Nh5+ Kf8 0-1

[Event "38th Olympiad"]
[Site "Dresden GER"]
[Date "2008.11.19"]
[Round "6"]
[White "Matamoros Franco,C"]
[Black "Aderito,P"]
[Result "1-0"]
[WhiteElo "2525"]
[BlackElo "2349"]
[EventDate "2008.11.13"]

1. Nf3 Nf6 2. c4 d6 3. d4 Nbd7 4. Nc3 e5 5. g3 c6 6. e4 Be7 7. Bg2 O-O 8.
O-O Re8 9. h3 Bf8 10. Be3 a6 11. a4 a5 12. Qc2 h6 13. Rad1 Qc7 14. Nh4 Nb8
15. f4 exd4 16. Bxd4 Nfd7 17. Qf2 Na6 18. g4 Ndc5 19. g5 hxg5 20. fxg5 Be6
21. g6 Bxc4 22. Nd5 Bxd5 23. exd5 fxg6 24. Nxg6 1-0

[Event "38th Olympiad"]
[Site "Dresden GER"]
[Date "2008.11.19"]
[Round "6"]
[White "Agnelo,A"]
[Black "Pazos Gambarrotti,P"]
[Result "0-1"]
[WhiteElo "2168"]
[BlackElo "2327"]
[EventDate "2008.11.13"]

1. d4 Nf6 2. c4 e6 3. Nf3 d5 4. e3 Be7 5. Nc3 O-O 6. Qc2 a6 7. cxd5 exd5 8.
Bd3 Re8 9. O-O Nbd7 10. Ne5 Nf8 11. f4 g6 12. Bd2 Ne6 13. f5 Ng7 14. g4 Bd6
15. Nxf7 Kxf7 16. fxg6+ Kg8 17. gxh7+ Kh8 18. h3 c6 19. Rf3 Ne6 20. Raf1
Rf8 21. Kg2 Bd7 22. Ne2 Qe7 23. Ng3 Ng5 24. Nf5 Qe6 25. Nh4 Nfe4 26. Bxe4
Nxe4 27. Nf5 Qg6 28. Be1 Bxf5 29. Rxf5 Rxf5 30. Rxf5 Rf8 31. Rxf8+ Bxf8 32.
Bg3 Kxh7 33. Bf4 Bd6 34. Qe2 Kg7 35. h4 Qe6 36. h5 Bxf4 37. exf4 Qf6 38.
Qe3 Qh4 39. Qf3 Nf6 40. h6+ Qxh6 41. g5 Qg6 42. Kh3 Qf5+ 43. Kh4 Ne4 44.
Kh5 Nxg5 0-1

[Event "38th Olympiad"]
[Site "Dresden GER"]
[Date "2008.11.19"]
[Round "6"]
[White "Efimov,Ig"]
[Black "Hernandez,Ju HON"]
[Result "1-0"]
[WhiteElo "2442"]
[BlackElo "2015"]
[EventDate "2008.11.13"]

1. d4 Nf6 2. c4 c5 3. d5 e5 4. Nc3 d6 5. e4 Be7 6. Bd3 Nbd7 7. Nge2 a6 8.
O-O O-O 9. Ng3 Ne8 10. f4 exf4 11. Bxf4 Bg5 12. Qh5 Bxf4 13. Rxf4 Nef6 14.
Qe2 Ne5 15. Raf1 Ng6 16. Rxf6 gxf6 17. Nh5 f5 18. exf5 Qg5 19. Ne4 Qh6 20.
fxg6 fxg6 21. Nhf6+ Kh8 22. Nxd6 Qg7 23. Nde8 Bg4 24. Qxg4 Raxe8 25. Nxe8
Rxe8 26. Qf4 1-0

[Event "38th Olympiad"]
[Site "Dresden GER"]
[Date "2008.11.19"]
[Round "6"]
[White "Medina,Ri"]
[Black "Van Hoolandt,P"]
[Result "0-1"]
[WhiteElo "2052"]
[BlackElo "2231"]
[EventDate "2008.11.13"]

1. e4 e5 2. Nf3 Nc6 3. Bc4 Bc5 4. O-O d6 5. h3 h6 6. c3 Qf6 7. b4 Bb6 8. a4
a5 9. b5 Nce7 10. d3 Be6 11. Bxe6 Qxe6 12. Qe2 Nf6 13. Be3 Bxe3 14. fxe3
O-O 15. c4 Ng6 16. Nh2 Rfe8 17. Nc3 c6 18. Rab1 d5 19. exd5 cxd5 20. cxd5
Nxd5 21. Nxd5 Qxd5 22. Rbc1 Rad8 23. Rc7 Re7 24. Rxe7 Nxe7 25. Qf3 Rc8 26.
Qxd5 Nxd5 27. Kf2 Rc2+ 28. Kf3 f6 29. Ra1 Kf7 30. Nf1 Ke6 31. g4 g6 32. h4
Nb4 33. Ra3 Kd5 0-1

[Event "38th Olympiad"]
[Site "Dresden GER"]
[Date "2008.11.19"]
[Round "6"]
[White "Krulich,R"]
[Black "Huguet,S"]
[Result "0-1"]
[WhiteElo "2239"]
[BlackElo "2109"]
[EventDate "2008.11.13"]

1. e4 d5 2. exd5 Qxd5 3. Nc3 Qa5 4. d4 Nf6 5. Nf3 Bf5 6. Bd2 c6 7. Ne4 Qb6
8. Nxf6+ gxf6 9. Bc3 e6 10. g3 Be4 11. Qe2 f5 12. Bg2 Bg7 13. Rd1 Na6 14.
O-O Nb4 15. Bxb4 Qxb4 16. c3 Qa5 17. b4 Qb5 18. Qe3 Qd5 19. c4 Qxc4 20. Nd2
Qxb4 21. Nxe4 fxe4 22. Rb1 Qe7 23. Bxe4 Rd8 24. Rfd1 O-O 25. d5 cxd5 26.
Rxd5 Rxd5 27. Bxd5 b6 28. Be4 Rd8 29. Rb5 Qd7 30. Rb1 Qd2 31. Qf3 f5 32.
Bb7 Qd3 33. Qxd3 Rxd3 34. Ba6 Rc3 35. Rd1 Rc7 36. Rd2 Bf6 37. Bb5 Kf7 38.
Ba4 Ke7 39. Bb3 Bc3 40. Re2 e5 41. Kg2 Kf6 42. Rc2 b5 43. Kf3 e4+ 44. Ke2
Ke5 45. f3 Ba5 46. Rxc7 Bxc7 47. g4 fxg4 48. fxg4 Kf4 49. Be6 Bb6 50. h4 h6
51. Bd7 b4 52. Be6 a5 53. Bd7 Bc5 54. Bc8 a4 55. Be6 b3 56. axb3 a3 57. b4
Bxb4 58. g5 hxg5 59. hxg5 Kxg5 60. Ke3 Kf6 61. Bg8 Ke5 62. Bf7 Bc5+ 63. Kd2
Kd4 64. Kc2 Be7 65. Kb3 e3 66. Bh5 Kd3 67. Bg6+ Kd2 68. Bh5 e2 69. Bxe2
Kxe2 70. Kc2 Bd6 71. Kc3 Kd1 72. Kb3 Kd2 73. Ka2 Kc3 74. Kb1 Kb3 75. Ka1
Be5+ 0-1

[Event "38th Olympiad"]
[Site "Dresden GER"]
[Date "2008.11.19"]
[Round "6"]
[White "Harper,R"]
[Black "Belkhodja,S"]
[Result "0-1"]
[WhiteElo "2233"]
[BlackElo "2476"]
[EventDate "2008.11.13"]

1. e4 e5 2. Nf3 d6 3. d4 exd4 4. Nxd4 Nf6 5. Nc3 Be7 6. f3 O-O 7. Be3 d5 8.
Nxd5 Nxd5 9. exd5 Qxd5 10. Nb5 Qe6 11. Kf2 Na6 12. Bd3 Qf6 13. c3 Nc5 14.
Nxc7 Rd8 15. Bd4 Rxd4 16. Bxh7+ Kxh7 17. Qxd4 Qg6 18. Nxa8 Nd3+ 19. Kf1 Bf6
20. Qd6 Be6 21. Qg3 Qh6 22. f4 Nxf4 23. Re1 Bc4+ 24. Kg1 Bh4 25. Qe3 Bxe1
26. Qe4+ f5 27. Qxc4 b5 28. Qf1 Bd2 29. Qf3 Qe6 30. h3 Qe5 31. g3 Nd5 32.
Kh2 f4 33. Qd3+ g6 34. Qxd2 fxg3+ 35. Kg1 Nf4 36. b4 Qe4 0-1

[Event "38th Olympiad"]
[Site "Dresden GER"]
[Date "2008.11.19"]
[Round "6"]
[White "Njili,K"]
[Black "Merritt,M"]
[Result "1-0"]
[WhiteElo "2350"]
[BlackElo "2123"]
[EventDate "2008.11.13"]

1. e4 c5 2. Nf3 Nc6 3. Bb5 g6 4. O-O Bg7 5. Re1 Nf6 6. c3 O-O 7. d4 cxd4 8.
cxd4 d5 9. e5 Ne8 10. h3 Nc7 11. Bf1 b5 12. a4 b4 13. Qc2 Bb7 14. Bb5 Na5
15. Bd2 a6 16. Bf1 Nc6 17. a5 Ne6 18. Qd3 Rb8 19. Rc1 f6 20. Rxc6 Bxc6 21.
exf6 Bb5 22. fxg7 Bxd3 23. gxf8=Q+ Qxf8 24. Bxd3 Qf6 25. Be3 Nf4 26. Bxf4
Qxf4 27. Nbd2 Qf6 28. Rc1 h6 29. Rc5 Rd8 30. Ne5 Rd6 31. Ndf3 g5 32. g3 Qf8
33. Kg2 Qe8 34. b3 Kg7 35. h4 Qh5 36. Rc8 g4 37. Nh2 1-0

[Event "38th Olympiad"]
[Site "Dresden GER"]
[Date "2008.11.19"]
[Round "6"]
[White "Cave,C"]
[Black "Bouaziz,M"]
[Result "0-1"]
[WhiteElo "2250"]
[BlackElo "2203"]
[EventDate "2008.11.13"]

1. e4 c5 2. Nf3 Nc6 3. d4 cxd4 4. Nxd4 g6 5. c4 Nf6 6. Nc3 Nxd4 7. Qxd4 d6
8. Be2 Bg7 9. Be3 O-O 10. Qd2 Qa5 11. O-O Be6 12. Rac1 Rfc8 13. b3 a6 14.
Bf3 Rc7 15. Qe2 Rac8 16. Na4 Bxc4 17. Rxc4 Rxc4 18. bxc4 Qxa4 19. Rc1 Nd7
20. Bg4 h5 21. Bh3 Rc7 22. g3 Ne5 23. Bf1 Ng4 24. Bb6 Rc6 25. Rb1 Ne5 26.
Bd4 Rxc4 27. Bxe5 Rxe4 28. Qf3 Rxe5 29. Rxb7 Qxa2 30. Rb8+ Kh7 31. Bd3 a5
32. Rb5 Rxb5 33. Bxb5 Qb1+ 34. Bf1 Bf6 35. Kg2 Kg7 36. Bd3 Qb4 37. Qd5 e6
38. Qa2 a4 39. Bc2 a3 40. Bb3 d5 41. Qc2 d4 42. Ba2 Qc3 43. Qe4 d3 44. Qb7
Qe1 0-1

[Event "38th Olympiad"]
[Site "Dresden GER"]
[Date "2008.11.19"]
[Round "6"]
[White "Laouini,Sa"]
[Black "Singh,Rav"]
[Result "1-0"]
[WhiteElo "2209"]
[BlackElo "2084"]
[EventDate "2008.11.13"]

1. d4 Nf6 2. c4 g6 3. g3 Bg7 4. Bg2 O-O 5. Nf3 d6 6. O-O Na6 7. Nc3 c6 8.
b3 Re8 9. Bb2 Bf5 10. Re1 Qd7 11. e4 Bg4 12. e5 Nh5 13. Qe2 Bh6 14. Rad1 d5
15. Na4 Ng7 16. Bc3 Rab8 17. Nc5 Nxc5 18. dxc5 e6 19. h3 Bxf3 20. Bxf3 b5
21. cxd5 cxd5 22. b4 Nf5 23. Qd3 Ne7 24. Be2 a5 25. a3 a4 26. Qc2 Nc6 27.
Bd3 Bg7 28. Qe2 Qb7 29. Bb2 Red8 30. h4 Na7 31. h5 Rf8 32. Rc1 Qc6 33. Kg2
Rbe8 34. Rh1 Rd8 35. Bd4 Rd7 36. Rh4 g5 37. h6 gxh4 38. Qg4 f5 39. exf6 h3+
40. Kh2 e5 41. Bxh7+ Kxh7 42. Qf5+ Kg8 43. h7+ Kh8 44. fxg7+ Rxg7 45. Qxf8+
Kxh7 46. Bxe5 Rd7 47. g4 Qc8 48. Qf5+ Kg8 49. Qg6+ Kf8 50. Bd6+ Rxd6 51.
Qxd6+ Kg8 52. c6 1-0

[Event "38th Olympiad"]
[Site "Dresden GER"]
[Date "2008.11.19"]
[Round "6"]
[White "Salov,S"]
[Black "Chavez,HE"]
[Result "1-0"]
[WhiteElo "2269"]
[BlackElo "2202"]
[EventDate "2008.11.13"]

1. e4 c5 2. Nf3 g6 3. d4 cxd4 4. Nxd4 Bg7 5. Be2 Nc6 6. Nb3 Nf6 7. Nc3 d6
8. O-O O-O 9. Bg5 h6 10. Bh4 Be6 11. Kh1 Rc8 12. f4 Na5 13. f5 Bc4 14. Bd3
g5 15. Be1 Nxb3 16. axb3 Bxd3 17. cxd3 a6 18. b4 Qb6 19. Qb3 Rce8 20. Bf2
Qc6 21. Bd4 Ng4 22. Bxg7 Kxg7 23. Nd5 e6 24. Rac1 Qd7 25. Rc7 Qb5 26. fxe6
Rxe6 27. Nf4 Ree8 28. Ne6+ Rxe6 29. Qxe6 Ne5 30. Qxd6 Nxd3 31. Qf6+ Kg8 32.
Rxf7 1-0

[Event "38th Olympiad"]
[Site "Dresden GER"]
[Date "2008.11.19"]
[Round "6"]
[White "Martinez,Ne"]
[Black "Zaynidinov,S"]
[Result "1-0"]
[WhiteElo "2149"]
[BlackElo "2035"]
[EventDate "2008.11.13"]

1. e4 e6 2. d4 d5 3. Nc3 dxe4 4. Nxe4 Bd7 5. Nf3 Bc6 6. Bd3 Nd7 7. O-O Ngf6
8. Qe2 Nxe4 9. Bxe4 Bxe4 10. Qxe4 c6 11. Bf4 Nf6 12. Qe2 Be7 13. c4 O-O 14.
Rfd1 Qa5 15. a3 Qf5 16. Be5 Rfd8 17. Rd3 Bd6 18. Rad1 Bxe5 19. dxe5 Rxd3
20. Qxd3 Qxd3 21. Rxd3 Ne4 22. Rd4 f5 23. Rd7 Nc5 24. Rd6 a5 25. Kf1 Re8
26. b4 axb4 27. axb4 Na6 28. b5 cxb5 29. cxb5 Nc5 30. g3 h6 31. Rd4 Kf7 32.
Nd2 b6 33. Rd6 Rb8 34. Nc4 Na4 35. Rd7+ Kg6 36. Re7 Nc5 37. Rc7 Na4 38. Rc6
Kf7 39. Ke1 Ke7 40. Rc7+ Kf8 41. Kd2 Nc5 42. Rc6 Ne4+ 43. Ke3 Nc3 44. Rxe6
Kf7 45. Rc6 Nxb5 46. Rxb6 Rxb6 47. Nxb6 Ke6 48. f4 Nc7 49. Kd4 g6 50. Kc5
Na6+ 51. Kb5 Nc7+ 52. Kc6 Na6 53. Nd5 Nb8+ 54. Kb7 Nd7 55. Nc7+ Ke7 56. Kc6
Nf8 57. Nd5+ Ke6 58. Nf6 g5 59. Kc5 Ng6 60. Nh5 Ne7 61. Ng7+ Kf7 62. Kd6
gxf4 63. gxf4 Nc8+ 64. Kc7 Ne7 65. Kd7 Ng6 66. Ne6 Ne7 67. Nd4 Nd5 68. Ne2
Ne7 69. Ng3 Ng6 70. e6+ Kf8 71. Nxf5 1-0